CDM questions and answers: a practical approach (Record no. 102112)
[ view plain ]
| 000 -LEADER | |
|---|---|
| fixed length control field | 00965cam a2200229 4500 |
| 008 - FIXED-LENGTH DATA ELEMENTS--GENERAL INFORMATION | |
| fixed length control field | 020529n2002 000 0 eng u |
| 020 ## - INTERNATIONAL STANDARD BOOK NUMBER | |
| International Standard Book Number | 0727731076 |
| 035 ## - SYSTEM CONTROL NUMBER | |
| System control number | (Sirsi) u118212 |
| 041 ## - LANGUAGE CODE | |
| Language code of text/sound track or separate title | eng. |
| 050 ## - LIBRARY OF CONGRESS CALL NUMBER | |
| Classification number | 344.410465 |
| 100 ## - MAIN ENTRY--PERSONAL NAME | |
| Personal name | Perry, P. |
| 245 ## - TITLE STATEMENT | |
| Title | CDM questions and answers: a practical approach |
| 250 ## - EDITION STATEMENT | |
| Edition statement | 2nd ed. |
| 260 ## - PUBLICATION, DISTRIBUTION, ETC. | |
| Place of publication, distribution, etc. | London |
| Name of publisher, distributor, etc. | Thomas Telford |
| Date of publication, distribution, etc. | 2002 |
| 300 ## - PHYSICAL DESCRIPTION | |
| Extent | xxvi,332p. |
| Dimensions | 22cm. |
| 350 ## - PRICE (NR) (BK AM CF MU VM SE) [OBSOLETE] | |
| Price | 35 |
| 520 ## - SUMMARY, ETC. | |
| Summary, etc. | Provides practical guidelines on how to interpret and comply with the Construction (Design and Management) Regulations 1994 (CDM) , which still cause confusion to many involved with contruction projects. The text asks questions and gives answers for project stages, rather than specifically for duty holders. |
| 650 ## - SUBJECT ADDED ENTRY--TOPICAL TERM | |
| Topical term or geographic name entry element | CONSTRUCTION (DESIGN AND MANAGEMENT) REGULATIONS 1994 |
| 650 ## - SUBJECT ADDED ENTRY--TOPICAL TERM | |
| Topical term or geographic name entry element | CONSTRUCTION (DESIGN AND MANAGEMENT) REGULATIONS 1994 |
| 690 ## - LOCAL SUBJECT ADDED ENTRY--TOPICAL TERM (OCLC, RLIN) | |
| Topical term or geographic name as entry element | BUILT ENVIRONMENT-BUILDING STANDARDS |
| 942 ## - ADDED ENTRY ELEMENTS (KOHA) | |
| Suppress in OPAC | 0 |
| Withdrawn status | Lost status | Source of classification or shelving scheme | Damaged status | Not for loan | Home library | Current library | Shelving location | Date acquired | Cost, normal purchase price | Total Checkouts | Full call number | Barcode | Date last seen | Date last checked out | Copy number | Cost, replacement price | Price effective from | Koha item type |
|---|---|---|---|---|---|---|---|---|---|---|---|---|---|---|---|---|---|---|
| Dewey Decimal Classification | London | London | Books | 04/07/2002 | 29.75 | 27 | 344.410465 PER | 30066043 | 06/08/2019 | 25/04/2008 | 1 | 29.75 | 06/08/2019 | Book |